Obálka Náhled e-knihy:
PDF Epub
Pro půjčování e-knih musíte být přihlášeni.
Jak si půjčit online?

Sestra smrt /

Kriminalista Václav Rákos je přesvědčen, že pacientka, která zemřela na otravu metylalkoholem, se ve skutečnosti stala obětí vraždy. Nachází souvislosti mezi touto smrtí a případem zdravotní sestry, obviněné z otravy šesti pacientů draslíkem. Vyšetřování ho přivádí na stopu válečného zločince z válk...

Celý popis

Uloženo v:
Hlavní autor: Petr, Daniel, 1975- (Autor)
Médium: E-kniha
Jazyk:Czech
Vydáno: Brno : Host, 2018
Vydání:První vydání
Témata:
Tagy:
Žádné tagy
LEADER 02459nam a2200397 i 4500
001 310872
003 CZ PrSKC
005 20260601215656.0
007 ta
008 180302s2018 xr g 000 f cze
015 |a cnb002982674 
020 |a 9788075774552  |q (vázáno) 
035 |a (OCoLC)1035452509 
040 |a OLA001  |b cze  |d ABA001  |e rda 
072 7 |a 821.162.3-3  |x Česká próza  |2 Konspekt 
080 |a 821.162.3-31  |2 MRF 
080 |a (0:82-312.4)  |2 MRF 
100 1 |a Petr, Daniel,  |d 1975-  |7 mzk2005279517  |4 aut 
245 1 0 |a Sestra smrt /  |c Daniel Petr 
250 |a První vydání 
264 1 |a Brno :  |b Host,  |c 2018 
300 |a 341 stran ;  |c 21 cm 
336 |a text  |b txt  |2 rdacontent 
337 |a bez média  |b n  |2 rdamedia 
338 |a svazek  |b nc  |2 rdacarrier 
520 2 |a Kriminalista Václav Rákos je přesvědčen, že pacientka, která zemřela na otravu metylalkoholem, se ve skutečnosti stala obětí vraždy. Nachází souvislosti mezi touto smrtí a případem zdravotní sestry, obviněné z otravy šesti pacientů draslíkem. Vyšetřování ho přivádí na stopu válečného zločince z války v Jugoslávii, který však je podle všech indicií již deset let po smrti. Mezitím dochází k další vraždě a zmizí mladá žena, která je dcerou obviněné zdravotní sestry. Rákos postupně zjišťuje, že události v Rumburku zasahují hluboko do minulosti a mají mnohem temnější pozadí, než se zpočátku zdálo. Hlavní hrdina musí bojovat s nepřízní počasí, bezútěšným prostředím, s pokřivenými vztahy a musí se vyrovnat i se svou minulostí. 
520 2 |a Vyšetřovatel z ústecké kriminálky vyšetřuje podezřelé úmrtí v rumburské nemocnici. Syrový příběh z prostředí severních Čech, plný napětí a záhad. 
655 7 |a české romány  |7 fd133974  |2 czenas 
655 7 |a detektivní romány  |7 fd132010  |2 czenas 
655 9 |a Czech fiction  |2 eczenas 
655 9 |a detective novels  |2 eczenas 
900 |a ABA001  |b 19 
044 |a xr 
910 |a RBIT002 
998 |d 177638  |a https://core.palmknihy.cz/api/books/177638/cover?p4ywlt  |b https://core.palmknihy.cz/api/books/177638/cover/400?p4ywlt  |c https://core.palmknihy.cz/api/books/177638/cover/50?p4ywlt  |e 2035-12-31  |g 342  |i 9788075774552  |j https://core.palmknihy.cz/api/books/177638/preview.epub  |k https://core.palmknihy.cz/api/books/177638/preview.pdf  |l   |q 49  |r 1  |s https://www.palmknihy.cz/kniha/177638  |t ebook  |y 2018  |z 0 
999 |d 310870